Выбор и обоснование базового двигателя для частотно-регулируемого привода лифтов; Современные техника и технологии; Т. 1

Bibliografiske detaljer
Parent link:Современные техника и технологии: сборник трудов XVI Международной научно-практической конференции студентов, аспирантов и молодых ученых, Томск, 12-16 апреля 2010 г/ Национальный исследовательский Томский политехнический университет (ТПУ).— , 2010
Т. 1.— 2010.— [С. 436-437]
Hovedforfatter: Куминов С. А.
Andre forfattere: Баклин В. С. (научный руководитель)
Summary:Заглавие с титульного листа
Электронная версия печатной публикации
Sprog:russisk
Udgivet: 2010
Fag:
Online adgang:http://www.lib.tpu.ru/fulltext/v/Conferences/2010/K04/104221.pdf
Format: MixedMaterials Electronisk Book Chapter
KOHA link:https://koha.lib.tpu.ru/cgi-bin/koha/opac-detail.pl?biblionumber=228356

MARC

LEADER 00000nla2a2200000 4500
001 228356
005 20231031201529.0
035 |a (RuTPU)RU\TPU\book\248824 
035 |a RU\TPU\book\248816 
090 |a 228356 
100 |a 20121219d2010 k y0rusy50 ca 
101 0 |a rus 
102 |a RU 
105 |a y z 101zy 
135 |a drnn ---uucaa 
181 0 |a i  
182 0 |a b 
200 1 |a Выбор и обоснование базового двигателя для частотно-регулируемого привода лифтов  |b Электронный ресурс  |f С. А. Куминов  |g науч. рук. В. С. Баклин 
203 |a Текст  |c электронный 
215 |a 1 файл (241 Кб) 
230 |a Электронные текстовые данные (1 файл : 241 Кб) 
300 |a Заглавие с титульного листа 
300 |a Электронная версия печатной публикации 
337 |a Adobe Reader 
461 0 |0 (RuTPU)RU\TPU\book\245271  |t Современные техника и технологии  |o сборник трудов XVI Международной научно-практической конференции студентов, аспирантов и молодых ученых, Томск, 12-16 апреля 2010 г  |o в 3 т.  |f Национальный исследовательский Томский политехнический университет (ТПУ)  |d 2010 
463 0 |0 (RuTPU)RU\TPU\book\245275  |t Т. 1  |v [С. 436-437]  |d 2010  |p [511 с.] 
610 1 |a двигатели 
610 1 |a лифты 
610 1 |a электроприводы 
610 1 |a подъемный механизм 
610 1 |a частотно-регулируемые электроприводы 
610 1 |a электронный ресурс 
610 1 |a труды учёных ТПУ 
700 1 |a Куминов  |b С. А. 
702 1 |a Баклин  |b В. С.  |4 727 
801 1 |a RU  |b 63413507  |c 20121116 
801 2 |a RU  |b 63413507  |c 20130503  |g RCR 
856 4 |u http://www.lib.tpu.ru/fulltext/v/Conferences/2010/K04/104221.pdf 
942 |c CF